| 000 | 01541nam a2200253 4500 | ||
|---|---|---|---|
| 005 | 20260515162204.0 | ||
| 008 | 260515b |||||||| |||| 00| 0 eng d | ||
| 020 | _a9789347027550 | ||
| 040 | _cAL | ||
| 041 | _aeng | ||
| 082 |
_a158.1 _bKEAR |
||
| 100 |
_aBrian Keane _9264008 |
||
| 245 | _aRewire your mindset | ||
| 260 |
_aAhmedabad _bJaico Publishing House _c2026 |
||
| 300 |
_av,324p _bPB _c21.5x14cm |
||
| 365 |
_2Psychology _a6831 _b₹399.00 _c₹ _d₹499.00 _e20% _f14-03-2026 |
||
| 520 | _aAre you in charge of your life? Or are you being swept away by things that are seemingly out of your control? In Rewire Your Mindset, the bestselling author of The Fitness Mindset, shows you how to take control of your mental, emotional and physical world. If you have ever set a goal for yourself and then self-sabotaged the moment you hit it, let fear dictate what you do, been emotionally broken by a failure, lacked confidence and felt full of self-doubt or let negative people influence you, then this is the book for you. Read Rewire Your Mindset to: Learn how to get the success your desire and the life you deserve! Take 100% responsibility because then you can control and change your life Decide exactly what you want to achieve then make it happen Believe whatever you want is possible | ||
| 650 |
_aOwn your thinking control your actions change your life _9264009 |
||
| 650 |
_aSelf Sabotage _9264010 |
||
| 650 |
_aConfidence _9264011 |
||
| 650 |
_aHabits _9264012 |
||
| 650 |
_aNutrition _9264013 |
||
| 942 |
_2ddc _cBK |
||
| 999 |
_c241442 _d241442 |
||